LDR 00642naa#a2200181#i#450# 001 EN\\bibl\126919 005 20260703014523.5 011 ## _a2227-1171 100 ## _a20260630b2026####ek#y0engy0150####ca 102 ## _aRU 200 1# _aSTATE INFORMATION SYSTEM FOR COMBATING CYBERCRIME: PROBLEMS AND PROSPECTS _eJournal article 210 1# _aKazan _cKazan law institute Ministry of Internal Affairs Russian Federation _d2026 215 ## _a6 с. 608 ## _aJournal article _2local 675 ## _aКриминология. Криминалистика. 343.9 _z 700 #1 _aZinnurov _gFoat Kanafievich 700 #1 _aShavaleev _gBulat Eduardovich 856 4# _avestnikkui.ru _u